М.В. Ломоносов и его литературные отношения в Академии наук (Запись № 2098674)

Подробности
000 -МАРКЕР
контрольное поле 02251nam0a2200373 4500
001 - ИДЕНТИФИКАТОР ЗАПИСИ
контрольное поле RU\NLR\bibl\1837552
005 - ИДЕНТИФИКАТОР ВЕРСИИ
контрольное поле 20260406135947.0
010 ## - МЕЖДУНАРОДНЫЙ СТАНДАРТНЫЙ НОМЕР КНИГИ (ISBN)
Номер (ISBN) 978-5-98187-839-8
Тираж 500
035 ## - ДРУГИЕ СИСТЕМНЫЕ НОМЕРА
Идентификатор записи (NLR Aleph) 001828025
100 ## - ДАННЫЕ ОБЩЕЙ ОБРАБОТКИ
Данные общей обработки 20111122d2011 |||y0rusy50 ca
101 0# - ЯЗЫК РЕСУРСА
Язык текста, звукозаписи и т.д. русский
102 ## - СТРАНА ПУБЛИКАЦИИ ИЛИ ПРОИЗВОДСТВА
Страна публикации Российская Федерация
105 ## - ПОЛЕ КОДИРОВАННЫХ ДАННЫХ: ТЕКСТОВЫЕ МАТЕРИАЛЫ, МОНОГРАФИЧЕСКИЕ
Кодированные данные о монографическом текстовом документе y |||||||||
200 1# - ЗАГЛАВИЕ И СВЕДЕНИЯ ОБ ОТВЕТСТВЕННОСТИ
Основное заглавие М.В. Ломоносов и его литературные отношения в Академии наук
Сведения, относящиеся к заглавию из истории русской литературы и просвещения середины XVIII века
-- [к 300-летнему юбилею М.В. Ломоносова]
Первые сведения об ответственности Л.Б. Модзалевский
Последующие сведения об ответственности С.-Петерб. фил. Архива Рос. акад. наук
210 ## - ПУБЛИКАЦИЯ, РАСПРОСТРАНЕНИЕ И ДР.
Место издания, распространения и т.д. Санкт-Петербург
Имя издателя, распространителя и т. д. Нестор-История
Дата издания, распространения и т.д. 2011
215 ## - ФИЗИЧЕСКАЯ ХАРАКТЕРИСТИКА
Специфическое обозначение материала и объем 379 с., [17] л. портр., факс.
Размеры 25
225 1# - СЕРИЯ
Основное заглавие серии Ad Fontes
Сведения, относящиеся к заглавию материалы и исследования по истории науки
Обозначение тома вып. 1
320 ## - ПРИМЕЧАНИЯ О НАЛИЧИИ В ДОКУМЕНТЕ БИБЛИОГРАФИИ / УКАЗАТЕЛЯ
Текст примечания Библиогр. указ. основной лит., относящейся к жизни и деятельности М.В. Ломоносова: с. 333-344 (218 назв.)
320 ## - ПРИМЕЧАНИЯ О НАЛИЧИИ В ДОКУМЕНТЕ БИБЛИОГРАФИИ / УКАЗАТЕЛЯ
Текст примечания Библиогр. в конце глав и в подстроч. примеч.
320 ## - ПРИМЕЧАНИЯ О НАЛИЧИИ В ДОКУМЕНТЕ БИБЛИОГРАФИИ / УКАЗАТЕЛЯ
Текст примечания Указ. имен: с. 369-377
600 #1 - ИМЯ ЛИЦА КАК ПРЕДМЕТ
Начальный элемент ввода Ломоносов
Часть имени, кроме начального элемента ввода М.В.
Даты 1711 - 1765
Расширение инициалов личного имени Михаил Васильевич
Тематический подзаголовок Литературно-эстетические взгляды
Системный номер авторитетной/нормативной записи 1524188
Идентификатор авторитетной/нормативной записи RU\NLR\auth\66663009
600 #1 - ИМЯ ЛИЦА КАК ПРЕДМЕТ
Начальный элемент ввода Ломоносов
Часть имени, кроме начального элемента ввода М.В.
Даты 1711 - 1765
Расширение инициалов личного имени Михаил Васильевич
Тематический подзаголовок и русская литература
Системный номер авторитетной/нормативной записи 1525048
Идентификатор авторитетной/нормативной записи RU\NLR\auth\66663489
686 ## - ИНДЕКСЫ ДРУГИХ КЛАССИФИКАЦИЙ
Индекс Ш5(2=Р)4-4Ломоносов33
686 ## - ИНДЕКСЫ ДРУГИХ КЛАССИФИКАЦИЙ
Индекс Ш5(2=Р)4-4Ломоносов417
686 ## - ИНДЕКСЫ ДРУГИХ КЛАССИФИКАЦИЙ
Индекс Ч213(2)4-8Ломоносов
700 #1 - ИМЯ ЛИЦА - ПЕРВИЧНАЯ ОТВЕТСТВЕННОСТЬ
Код отношения Автор
Материалы, к которым относится поле rus
Графика поля Кириллица
Начальный элемент ввода Модзалевский
Часть имени, кроме начального элемента ввода Л. Б.
Даты 1902-1948
Расширение инициалов личного имени Лев Борисович
Идентификатор авторитетной/нормативной записи RU\NLR\auth\7748475
Системный номер авторитетной/нормативной записи 31410
702 #1 - ИМЯ ЛИЦА - ВТОРИЧНАЯ ОТВЕТСТВЕННОСТЬ
Код отношения Прочие
Материалы, к которым относится поле rus
Графика поля Кириллица
Начальный элемент ввода Ломоносов
Часть имени, кроме начального элемента ввода М. В.
Даты 1711-1765
Расширение инициалов личного имени Михаил Васильевич
Идентификатор авторитетной/нормативной записи RU\NLR\auth\772859
Системный номер авторитетной/нормативной записи 112866
801 #0 - ИСТОЧНИК ЗАПИСИ
Страна Российская Федерация
Организация NLR
Дата составления 20111122
Правила каталогизации RCR
801 #1 - ИСТОЧНИК ЗАПИСИ
Страна Российская Федерация
Организация NLR
Дата составления 20111122
830 ## - ОБЩЕЕ ПРИМЕЧАНИЕ, СОСТАВЛЕННОЕ КАТАЛОГИЗАТОРОМ
Текст примечания лица по кн.
942 ## - ДОПОЛНИТЕЛЬНЫЕ ЭЛЕМЕНТЫ ЗАПИСИ (АБИС)
Тип экземпляра АБИС Книга
980 ## - КОЛЛЕКЦИЯ
Название коллекции Национальная библиография
Экземпляры
Тип экземпляра Дата поступления Источник поступления Стоимость Библиотека постоянного хранения Библиотека текущего хранения Место хранения Шифр хранения Штрих-код Статус экземпляра
Книга 22.11.2011 Дар 900.00 РНБ (Московский) РНБ (Московский) Русский книжный фонд: издания с 1957 года 2011-7/6175 3539248  
Книга 19.11.2012 Покупка 675.00 РНБ (Московский) РНБ (Московский) Фонд общего зала литературы по филологии, педагогике и искусству (гуманитарной литературы) Л1 Ч213(2)/Л-753-М 1-100051  
Книга 19.11.2012 Покупка 675.00 РНБ (Садовая) РНБ (Садовая) Универсальный читальный зал У Ш5(2=Р)4/Л-753м 1-197066  
Книга 15.03.2017 Покупка 675.00 РНБ (Садовая) РНБ (Садовая) Фонд международного книгообмена   1-1280169 Доставлен в Фoнд